01336nam a2200277 a 450000100100000000500170001000800410002704000250006808200200009310000480011324500920016126000480025330000210030149000270032265000290034965000310037870000430040983000340045291000380048604900090052495201330053395201180066695201240078495201330090899900170104100003141020240502105558.0110622t1966 dr 001 j spa d aDO-SdBNPbspacBNPHU aRD863.44bD542c1 aDíaz Grullón, Virgilio,d1924-2001950110aCrónicas de Altocerro :bcuentos /cVirgilio Díaz Grullon; prólogo Carlos Curiel. aSanto Domingo :bEditora del Caribe,c1966. a109 p. ;c20 cm.1 aPensamiento Dominicano 0aCuentos dominicanos9176 0aLiteratura dominicana.9671 aCuriel, Carlos,d1916-epról.926171 0aPensamiento Dominicano919047 aValidado. Control de calidad EMS. aBNPD 001054708DSaGRbGRcHDd2011-09-29iLF1l0oRD863.44 D542cp31410-30r2020-06-25te. 3w2020-06-25yLFDSZPréstamo en sala 0010718PDaPDbPDcHDd2011-06-22iLF1l0oRD863.44 D542cp31410-10r2020-06-25w2020-06-25yLFPDZNo se presta 0010718PDaPDbPDcHDd2011-09-29iLF1l0oRD863.44 D542cp31410-20r2020-06-25te. 2w2020-06-25yLFPDZNo se presta 001054708DSaPDbPDcHDd2015-02-18iLF1l0oRD863.44 D542cp31410-40r2020-06-25te. 4w2020-06-25yLFDSZPréstamo en sala c30902d30902